000 01212nam a2200349 i 4500
001 bg
003 BPK
005 20221122140742.0
008 000524s2000 pl f |000 0 pol
015 _aPB 2000/9511
020 _a8386861924
040 _aWA N
_cBPK
041 1 _apol
_heng
080 _a004.451
080 _a(07)
100 1 _aHoneycutt, Jerry.
245 1 0 _aPoznaj Rejestr Windows w 24 godziny /
_cJerry Honeycutt jr ; tł. Władysław Szymczyk.
246 1 _iTyt. oryg.:
_aTeach yourself the Windows Registry in 24 hours,
_f1999.
260 _aWarszawa :
_b"Intersoftland",
_c2000.
300 _aXX, 396 s. ;
_c24 cm.
490 1 _aPoznaj w 24 Godziny.
500 _aNa okł. podtyt.: gdy masz czas tylko na właściwe rozwiązania : 24 jednogodzinne lekcje.
650 4 _aBaza danych
655 4 _aPodręcznik
650 4 _aSystemy operacyjne
650 4 _aWindows 98
710 2 _aIntersoftland
_4pbl.
700 1 _aSzymczyk, Władysław
_eTłumaczenie
856 _uhttp://koha.tu.koszalin.pl/cgi-bin/koha/opac-detail.pl?biblionumber=37035
_yKatalog online BPK
830 0 _aPoznaj w 24 Godziny
942 _2UKD
_cKS
999 _c37035
_d37035